|
|
|
|
| LEADER |
01154nam a2200361 4500 |
| 001 |
DLU090091864 |
| 005 |
##20091201 |
| 040 |
# |
# |
|a DLU
|b eng
|
| 041 |
# |
# |
|a eng
|
| 044 |
# |
# |
|a us
|
| 245 |
# |
# |
|a A small, dilute-cytoplasm, high-affinity, novel bacterium isolated by extinction culture and having kinetic constants compatible with growth at ambient concentrations of dissolved nutrients in seawater /
|c D. K. Button ... [et al.].
|
| 653 |
# |
# |
|a Hydrocarbon
|
| 653 |
# |
# |
|a Isolation
|
| 653 |
# |
# |
|a Kinetics
|
| 653 |
# |
# |
|a Marine environment
|
| 653 |
# |
# |
|a Nutrients
|
| 653 |
# |
# |
|a Seawater
|
| 653 |
# |
# |
|a Taxonomy
|
| 653 |
# |
# |
|a Toluene
|
| 700 |
# |
# |
|a Button, D. K.
|
| 700 |
# |
# |
|a Lepp, Paul W.
|
| 700 |
# |
# |
|a Robertson, Betsy R.
|
| 700 |
# |
# |
|a Schmidt, Thomas M.
|
| 773 |
# |
# |
|t Applied and Environmental Microbiology
|g Vol. 64, no. 11 (November 1998), p. 4467-4476
|
| 920 |
# |
# |
|a Phòng Tạp chí -- Trung tâm Thông tin - Thư viện Trường Đại học Đà Lạt
|
| 994 |
# |
# |
|a DLU
|
| 900 |
# |
# |
|a True
|
| 911 |
# |
# |
|a Trương Bảo Trâm Anh
|
| 925 |
# |
# |
|a G
|
| 926 |
# |
# |
|a A
|
| 927 |
# |
# |
|a BB
|
| 980 |
# |
# |
|a Thư viện Trường Đại học Đà Lạt
|